000 00767nam a22002417a 4500
999 _c173361
_d173361
003 Nust
005 20180719091602.0
008 170123b xxu||||| |||| 00| 0 eng d
020 _a184022536X
_cRs. 400
038 _aArshad
040 _aNUST - Fiction
041 _hEnglish
082 _a821.1
_bCHA
100 _aChaucer, Geoffrey
_911854
245 _aThe Canterbury tales :
_bedited by [Dr. Lesley A. Coote] with introduction, bibliographies, footnotes and on page glossaries /
_cGeoffrey Chauser
260 _aLondon:
_bWordsworth,
_c2002.
300 _axviii,706 p.
504 _aInclude bibliographies
650 _aTales, Medieval
_911855
650 _aStorytelling
_911856
650 _aChristian pilgrims and pilgrimages
_911857
942 _2ddc
_cBK